000 00572cam a22002171 4500
001 sa 68000212
003 DLC
005 20260227112421.0
008 900717s1966 ii c 000 0 maro
010 _asa 68000212
035 _a(OCoLC)22044962
040 _aDLC
_cWaU
_dDLC
042 _apremarc
050 0 0 _aB5134.D46
_bT45
100 1 _aṬhākūra, Vāsudeva Vāmana.
245 0 0 _aProphesara śāntārāma Ananta Desāī.
260 _c1966.
300 _a5, 162 p.
_bport.
_c19 cm.
500 _aIn Marathi.
600 1 0 _aDesai, Shantaram Anant,
_d1867-1914.
999 _c77031
_d77031